000 00727cam a2200217 4500
008 090401t1997 xxu||||| |||| 00| 0 eng d
020 _a0117534048
035 _a(Sirsi) u80118
041 _aeng
110 _aDepartment of Transport
_91172
245 _aEnforcing planning control : legislative provisions and procedural requirements.
260 _aLondon
_bStationery Office
_c1997
300 _aviii,91p. ; 30cm.
350 _a12
490 _aEnvironment Circular
_v10/97 31 July 1997
650 _aPLANNING CONTROL
710 _aUnited Kingdom
_bDepartment of the Environment
_9982
710 _aUnited Kingdom
_bDepartment of the Environment, Transport and the Regions
_93507
942 _n0
948 _c06/08/1997
999 _c96595
_d96595